| 000 | 00533nam a22001937i 4500 | ||
|---|---|---|---|
| 001 | 4441 | ||
| 003 | OSt | ||
| 005 | 20170126082335.0 | ||
| 007 | tu | ||
| 008 | 161220s1999 xxu||||| |||| 00| 0 d | ||
| 024 | 7 |
_a4440 _2RID |
|
| 040 | _cOSt | ||
| 084 |
_a19.2 _2z |
||
| 100 | 1 | _aRota, Paola | |
| 245 | 0 | 0 | _aLabour Demand as a Discrete Decision Process: Fixed and Linear Hiring and Firing Costs |
| 260 |
_aHamburg : _bHWWA-Institut für Wirtschaftsforschung,Hamburg, _c1999. |
||
| 300 |
_a40 S. ; _c30cm. |
||
| 490 |
_aHWWA-Diskussionspapier _v79 |
||
| 942 | _cB | ||
| 999 |
_c4360 _d4360 |
||